Mario Kart Veterans - Statistics

General Stats
  • This quiz has been taken 502 times
  • The average score is 6 of 6
Answer Stats
Character % Correct
Luigi
99%
Mario
99%
Bowser
98%
Peach
98%
Toad
94%
Yoshi
91%
No matching quizzes found
Score Distribution
Percent of People with Each Score
Percentile by Number Answered
Your Score History
You have not taken this quiz